000 00838nas a2200253 4500
001 BR9509790
003 BR-BrBNA
005 20231205095532.0
007 ta
008 230509b bl.|||p| |||| 00| 00por d
040 _aBR-BrBNA
_bpor
_cBiblioteca Nacional de Agricultura
041 _a(Pt)
072 _aQ02
100 1 _aVanderlinde, R.
100 1 _aBenedet, H.D.
245 1 _aControle analitico dos vinhos de diversas variedades produzidas numa industria vinicola do Rio Grande do Sul
650 _aVinho
650 _aIndustria Alimenticia
650 _aAnalise de Alimento
650 _aRio Grande do Sul
773 0 _tBoletim do Centro de Pesquisa e Processamento de Alimento (Brazil)
_xISSN 0102-0323
_g(Jan-Jun 1995), v. 13(1) p. 7-12
_wBR9509790
909 _a202311
_bLúcia
_c55
_dLúcia Elande
942 _2AGRIS
_n0
_cANA
999 _c151245
_d151245